000 00521nam a2200169 i 4500
001 52250
003 ES-MaACL
005 20230906162542.0
007 t|
008 030827s1967 sp ||||1| spa d
100 1 _aChausin, C.
_938212
245 1 0 _aManual de plásticos /
_cpor C. Chausin ; [traducción por Manuel Grau Buixareu].
260 _aBarcelona :
_bHispano Europea,
_c[1967]
300 _a211 p., 4 lám. :
_bil. ;
_c21 cm.
700 1 _aGrau Buixareu, Manuel.
_959747
852 _aES-MaACL
_jC-33783
_bR.64478
999 _c52250
_d52250